| 000 | 01288nam a2200265Ia 4500 | ||
|---|---|---|---|
| 999 |
_c5054 _d5054 |
||
| 003 | OSt | ||
| 005 | 20200508125852.0 | ||
| 008 | 191128s2009 ck gr 000 0dspa d | ||
| 020 | _a9789584444837 | ||
| 040 |
_aCO-JMCR _cCO-JMCR |
||
| 041 | 1 |
_aspa _heng |
|
| 082 | 0 | 4 |
_a307.12 / _bR627e |
| 100 | 1 |
_aRodríguez Rojas, Armando, _eautor _94145 |
|
| 245 | 1 | 0 |
_aEstrategias para la planeación urbana y regional de Colombia / _cArmando Rodríguez Rojas |
| 250 | _aPrimera edición | ||
| 260 |
_aBogotá : _bUniversidad del Cauca, _c2009 |
||
| 300 |
_a207 páginas : _c21 cm. |
||
| 300 | _c | ||
| 500 | _aIncluye datos biográficos del autor en la solapa. | ||
| 505 | _aEl final de las ideologías -- El sistema vial en Colombia -- Problemas urbanos -- Los partidos políticos y el poder -- La reelección de los políticos -- La dependencia externa -- Nuestra tecnologías | ||
| 520 | _aEste libro plantea un conjunto de ideas y objetivos generales que podrían ser útiles para un plan de desarrollo urbano y regional a largo plazo para Colombia. Se observa como las ciencias sociales actuales han desbordado los meros criterios ideológicos. | ||
| 546 | _aIntroducción en español e inglés | ||
| 650 | 1 | 4 |
_aPlanificación regional Urbanismo _zColombia _94146 |
| 942 |
_2ddc _cBK |
||